000
00324nam a22001457a 4500
020
_a
978-93-85039-29-4
041
_a
ENG
100
_a
Rangwala
245
_a
Highway Engineering
260
_a
Gujarat
_b
Chasatas Publishing House pvt. Ltd
_c
2017
300
_a
408
650
_a
FS
700
_a
Ketki B. Dalal
856
_u
FS
999
_c
78
_d
78